000 00559nam a2200217 a 4500
001 BRCA_6517
005 20190320205504.0
008 280911s1908----gw-#######---#000-0#ger-#
041 _ager
044 _agw
050 4 _aPT2642
_b.H58 K54
_c1908
100 1 _aThoma, Ludwig
_d1867-1921
_96159
245 1 0 _aKleinstadtgeschichten
_cLudwig Thoma.
260 _aMúnich
_bAlbert Langen
_c1908
300 _a195 p.
_c18 cm.
500 _aEdición con cantos dorados
500 _aL54
650 1 4 _aLiteratura Alemana
_96160
902 _aGFM
942 _2lcc
_cB
999 _c6201
_d6201